El monumento a la bandera : (Registro nro. 48278)

Detalles MARC
000 -LEADER
fixed length control field 01388nam a2200277 4500
001 - CONTROL NUMBER
control field 0000023268
003 - CONTROL NUMBER IDENTIFIER
control field CO-CtgCURN
005 - DATE AND TIME OF LATEST TRANSACTION
control field 20250506215342.0
008 - FIXED-LENGTH DATA ELEMENTS--GENERAL INFORMATION
fixed length control field 160627s2008 000 0 eng d
020 ## - INTERNATIONAL STANDARD BOOK NUMBER
International Standard Book Number 9789589841853
040 ## - CATALOGING SOURCE
Original cataloging agency CO-CtgCURN
Language of cataloging spa
Transcribing agency coctgcurn
082 0# - DEWEY DECIMAL CLASSIFICATION NUMBER
Classification number 986.10632
Item number P453m
100 1# - MAIN ENTRY--PERSONAL NAME
Personal name Pineda Salazar, Moises.
245 13 - TITLE STATEMENT
Title El monumento a la bandera :
Remainder of title el primer acto refundacional de Barranquilla cronicas, reportajes y Ensayos /
Statement of responsibility, etc. Moises Pineda Salazar.
260 ## - PUBLICATION, DISTRIBUTION, ETC.
Place of publication, distribution, etc. Barranquilla :
Name of publisher, distributor, etc. Corporación Universitaria de La Costa,
Date of publication, distribution, etc. 2008.
300 ## - PHYSICAL DESCRIPTION
Extent 74 p.
336 ## - CONTENT TYPE
Source rdacontent
337 ## - MEDIA TYPE
Source rdamedia
Media type term sin mediacion
Media type code n
338 ## - CARRIER TYPE
Source rdacarrier
Carrier type term volumen
Carrier type code nc
500 ## - GENERAL NOTE
General note Incluye bibliografia.
505 8# - FORMATTED CONTENTS NOTE
Formatted contents note Aproximacion critica al mito galapero.--El cura y el gobernador (I) 7 de agosto de 1931.--Poesia.--Las triadas hegelianas.--La refundacion de barranquilla.--Las tensiones ideologicas y sus marcas sobre ciudad moderna.--Las disputas con cartagena.--El parque once de noviembre.--La ilusion del banano y el cafe.--Ciudad tres veces puerto.--Política y cultura.--Barranquilla, ciudad mujer.--El cura y el gobernador (II) 17 de diciembre de 1931
650 #0 - SUBJECT ADDED ENTRY--TOPICAL TERM
Topical term or geographic name entry element Emblemas nacionales
Geographic subdivision Colombia.
908 ## - PUT COMMAND PARAMETER (RLIN)
Put command parameter 160627
942 ## - ADDED ENTRY ELEMENTS (KOHA)
Koha item type Libros
Classification part 986.10632
Item part P453m
Source of classification or shelving scheme Dewey Decimal Classification
999 ## - SYSTEM CONTROL NUMBERS (KOHA)
-- 1
Existencias
Withdrawn status Lost status Source of classification or shelving scheme Damaged status Not for loan Home library Current library Shelving location Date acquired Inventory number Total checkouts Full call number Barcode Date last seen Price effective from Koha item type Public note
    Dewey Decimal Classification     Miguel Henríquez Castañeda Miguel Henríquez Castañeda General 03/04/2019 012773   986.10632 P453m 012773 03/04/2019 03/04/2019 Libros 980-HIS.AS